Normal view
MARC view
- Balfour, Deepika
Entry Personal Name
001 - CONTROL NUMBER
- control field: 4074
003 - CONTROL NUMBER IDENTIFIER
- control field: OSt
005 - DATE AND TIME OF LATEST TRANSACTION
- control field: 20190517142241.0
008 - FIXED-LENGTH DATA ELEMENTS
- fixed length control field: 190517|| aca||aabn | a|a d
040 ## - CATALOGING SOURCE
- Original cataloging agency: OSt
- Transcribing agency: OSt
100 ## - HEADING--PERSONAL NAME
- Personal name: Balfour, Deepika
670 ## - SOURCE DATA FOUND
- Source citation: Work cat.: (OSt): Kethavathu, Murali Naik 4073, Objective Food Technology, 2019
